| 000 | 00816cam a2200277 4500 | ||
|---|---|---|---|
| 001 | 2025 | ||
| 003 | BD-RjUL | ||
| 005 | 20211208233451.0 | ||
| 008 | 131210c19731943ii b 001 0 eng | ||
| 035 | _a(BD-RjUL)2052 | ||
| 040 |
_aDLC _cDLC _dDLC _dBD-RjUL _beng |
||
| 041 | _aeng | ||
| 082 | 0 | 0 |
_a309.154 _bKUF |
| 100 | 1 |
_aKuthiala, S. K., _d1943- _96640 |
|
| 245 | 1 | 0 |
_aFrom tradition to modernity _c[by] S. K. Kuthiala. |
| 260 |
_aNew Delhi : _bAbhinav Publications, _c1973. |
||
| 300 |
_axv, 227 p.; _c22 cm. |
||
| 350 | _aRs27.00 ($5.50 U.S.) | ||
| 504 | _aIncludes Bibliography: p. 149-159 and index | ||
| 650 | 0 |
_aIndustries _zIndia. _96641 |
|
| 650 | 0 |
_aCities and towns _zIndia. _96642 |
|
| 650 | 0 |
_aIndustrialization _zIndia. _96643 |
|
| 942 |
_2ddc _cBK |
||
| 999 |
_c2025 _d2025 |
||